000 00279nam a22001217a 4500
008 181017b xxu||||| |||| 00| 0 eng d
041 _aeng
080 _28th
_a540
100 _a12
101 _aKIM
245 _aThe Nature and Properties of Soils
_cBrady,N.C
942 _2udc
_cBK
999 _c50084
_d50084